000 00662nam a2200193 4500
001 117400
003 ES-MaACL
005 20250304063102.0
007 t|
008 070302s1972 sp r ||||1| spa d
100 1 _aPeces-Barba, Gregorio,
_d1938-
_989835
245 1 0 _aPersona, sociedad y Estado
_b: pensamiento social y político de Jaques Maritain /
_cGregorio Peces-Barba.
260 _aMadrid :
_bCuadernos para el Diálogo,
_c1972.
300 _a316 p. ;
_c21 cm.
600 1 4 _aMaritain, Jacques-
_xCrítica e interpretación.
_976904
710 2 _aCuadernos para el Diálogo.
_93333
852 _aES-MaACL
_jC-43153
999 _c117400
_d117400